000 00362 a2200169 4500
001 187370
020 _a85-00-51331-4
040 _cMagnum
100 _aBandeira, Manuel
240 1 0 _aMeus poemas preferidos
_lpor
245 1 0 _aMeus poemas preferidos
300 _a128
362 0 _a2005
440 1 _aEdiouro
697 _aLITERATURA GERAL
942 _cBK
999 _c187370
_d187370